| 000 -LEADER |
| fixed length control field |
00293nam a2200109 4500 |
| 082 ## - DEWEY DECIMAL CLASSIFICATION NUMBER |
| Classification number |
L1x5432 1973-74 |
| 100 ## - MAIN ENTRY--PERSONAL NAME |
| Personal name |
India. Finance Department |
| 9 (RLIN) |
1479 |
| 245 ## - TITLE STATEMENT |
| Title |
Budget, Haryana, 1973-74 |
| Statement of responsibility, etc |
by Finance Department |
| 260 ## - PUBLICATION, DISTRIBUTION, ETC. (IMPRINT) |
| Place of publication, distribution, etc |
Chandigarh |
| Name of publisher, distributor, etc |
Government Press |
| Date of publication, distribution, etc |
1974 |
| 300 ## - PHYSICAL DESCRIPTION |
| Extent |
v.p. |
| 942 ## - ADDED ENTRY ELEMENTS (KOHA) |
| Source of classification or shelving scheme |
|